[Event "Kasseler Schachtage Gruppe A"]
[Site "Vellmar"]
[Date "2009.07.31"]
[Round "3.17"]
[White "Jäger, Frank"]
[Black "Jaeschke, Felix"]
[Result "1-0"]
[WhiteElo "1902"]
[BlackElo "1809"]
[PlyCount "143"]
[EventDate "2009.??.??"]
[EventCountry "GER"]
[WhiteTeam "SC Grauer Turm Fritzlar"]
[BlackTeam "SK 1947 Sandhausen e.V."]

1. d4 f5 2. Bg5 g6 3. g3 Bg7 4. c3 Nf6 5. Bg2 O-O 6. Qb3+ e6 7. Bxb7 Bxb7 8.
Qxb7 Nc6 9. Qb3 Qe8 10. Bxf6 Bxf6 11. Nd2 Rb8 12. Qc2 e5 13. dxe5 Bxe5 14. Ngf3
Bg7 15. Nb3 Ne7 16. O-O f4 17. Rad1 d6 18. Nbd4 Qd7 19. Kg2 Nc6 20. Qa4 Ne5 21.
Qxd7 Nxd7 22. Ne6 Rfe8 23. Nxg7 Kxg7 24. Rd2 Nc5 25. Rc2 fxg3 26. hxg3 a5 27.
Rd1 Kf6 28. Rd4 Re4 29. e3 a4 30. Nd2 Rxd4 31. cxd4 Nd3 32. Rxc7 Rxb2 33. Ne4+
Ke6 34. Rc3 Nb4 35. a3 Nd5 36. Rd3 h6 37. Rd2 Rb3 38. Ra2 Nb6 39. Nd2 Rd3 40.
Kf3 Kd5 41. Ke2 Rc3 42. Rb2 Kc6 43. Nb1 Rb3 44. Rxb3 axb3 45. Kd3 Kb5 46. Kc3
Ka4 47. e4 h5 48. f4 d5 49. e5 Nc4 50. e6 Nd6 51. e7 Ne8 52. Kb2 Kb5 53. Kxb3
Kc6 54. Nc3 Nc7 55. a4 Kd7 56. Kb4 Kxe7 57. Kc5 Ke6 58. Kc6 Na6 59. Nxd5 Nb8+
60. Kb7 Kxd5 61. Kxb8 Kxd4 62. a5 Ke4 63. a6 Kf3 64. a7 Kxg3 65. a8=Q Kxf4 66.
Qa4+ Kf5 67. Qh4 g5 68. Qxh5 Kf4 69. Qh2+ Kf3 70. Qh3+ Kf4 71. Qg2 g4 72. Kc7
1-0

[Event "Kasseler Schachtage Gruppe A"]
[Site "Vellmar"]
[Date "2009.07.31"]
[Round "3.18"]
[White "Süß, Stefan"]
[Black "Wiese, Uwe"]
[Result "0-1"]
[WhiteElo "1674"]
[BlackElo "1837"]
[PlyCount "108"]
[EventDate "2009.??.??"]
[EventCountry "GER"]
[WhiteTeam "Mosbacher SC von 1931"]
[BlackTeam "SK Goslar"]

1. d4 f5 2. Bf4 g6 3. Nf3 Bg7 4. e3 Nf6 5. Nbd2 d5 6. c3 O-O 7. Be2 Ne4 8. O-O
c6 9. a4 Nd7 10. Qc2 Qe8 11. Nxe4 fxe4 12. Ne5 Nxe5 13. dxe5 e6 14. g4 Qe7 15.
Bg3 Qc7 16. f4 exf3 17. Bxf3 Bxe5 18. Bxe5 Qxe5 19. Qe2 Bd7 20. Kg2 Rf7 21. h3
Raf8 22. a5 a6 23. Rac1 c5 24. b3 Qc7 25. Qa2 Bc6 26. Qa1 d4 27. Bxc6 Qxc6+ 28.
Kg1 Rxf1+ 29. Rxf1 Rxf1+ 30. Qxf1 dxe3 31. Qf4 Qd5 32. Qxe3 e5 33. Kf2 Kf7 34.
Qf3+ Qxf3+ 35. Kxf3 Ke6 36. c4 h5 37. Ke4 hxg4 38. hxg4 Kf6 39. g5+ Kxg5 40.
Kxe5 Kg4 41. Kd6 Kf4 42. Kxc5 g5 43. Kb6 g4 44. Kxb7 g3 45. Kxa6 g2 46. b4 g1=Q
47. c5 Ke5 48. Kb6 Kd5 49. a6 Qg6+ 50. Ka5 Kc6 51. Ka4 Qc2+ 52. Ka3 Qc3+ 53.
Ka4 Qa1+ 54. Kb3 Qxa6 0-1

[Event "Kasseler Schachtage Gruppe A"]
[Site "Vellmar"]
[Date "2009.08.01"]
[Round "4.1"]
[White "Haucke, Alexander"]
[Black "Markgraf, Alexander"]
[Result "0-1"]
[WhiteElo "2210"]
[BlackElo "2463"]
[PlyCount "72"]
[EventDate "2009.??.??"]
[EventCountry "GER"]
[WhiteTeam "Delmenhorster SK V 1931"]
[BlackTeam "SC Tempo Göttingen"]

1. d4 f5 2. Bg5 g6 3. Nc3 Bg7 4. e4 fxe4 5. Nxe4 d5 6. Nc3 Nh6 7. Qd2 Nf7 8.
Be3 c5 9. Bb5+ Nc6 10. f4 O-O 11. Nge2 c4 12. Bxc6 bxc6 13. O-O Qa5 14. Kh1 Nd6
15. Rab1 Rb8 16. h3 Bd7 17. b3 Bc8 18. Ng3 e6 19. Nce4 Qxd2 20. Nxd2 Ba6 21.
Rf2 Nb5 22. Ne2 c5 23. Nf3 Na3 24. Rc1 cxb3 25. cxb3 c4 26. Nd2 Rfc8 27. Nc3
Bf6 28. g4 Be7 29. bxc4 Nxc4 30. Nxc4 Rxc4 31. Rb1 Rxb1+ 32. Nxb1 Bf6 33. Nd2
Rc3 34. Rf3 Be2 35. Rg3 Bh4 36. Nb1 Rd3 0-1

[Event "Kasseler Schachtage Gruppe A"]
[Site "Vellmar"]
[Date "2009.08.01"]
[Round "4.2"]
[White "Jaeschke, Benno"]
[Black "Faynberg, Roman"]
[Result "1-0"]
[WhiteElo "2202"]
[BlackElo "2026"]
[PlyCount "59"]
[EventDate "2009.??.??"]
[EventCountry "GER"]
[WhiteTeam "SK 1947 Sandhausen e.V."]
[BlackTeam "SC Fuldatal"]

1. d4 Nf6 2. c4 e6 3. Nf3 d5 4. Nc3 c6 5. e3 Be7 6. Qc2 O-O 7. Bd2 Na6 8. a3
Nc7 9. Bd3 b6 10. Ne5 Bb7 11. cxd5 Ncxd5 12. Ne2 c5 13. e4 Nc7 14. dxc5 Bxc5
15. b4 Bd6 16. Bc3 Qe7 17. O-O Rac8 18. Nc4 Bxh2+ 19. Kxh2 Ng4+ 20. Kg3 Qg5 21.
f4 Qg6 22. e5 Ne3+ 23. Bxg6 Nxc2 24. Bxc2 Ba6 25. Nd6 Bxe2 26. Rh1 g6 27. Nxc8
Rxc8 28. Be4 Nd5 29. Bd2 Rc4 30. Bf3 1-0

[Event "Kasseler Schachtage Gruppe A"]
[Site "Vellmar"]
[Date "2009.08.01"]
[Round "4.3"]
[White "Löwe, Lennard"]
[Black "Kartsev, Soel"]
[Result "1-0"]
[WhiteElo "2018"]
[BlackElo "2243"]
[PlyCount "103"]
[EventDate "2009.??.??"]
[EventCountry "GER"]
[WhiteTeam "HSK-Post Hannover"]
[BlackTeam "Schachfreunde Brackel 1930 e.V."]

1. e4 d5 2. exd5 Nf6 3. Nf3 Nxd5 4. d4 Bf5 5. c4 Nb4 6. Na3 e6 7. Be2 c5 8. O-O
N8c6 9. Be3 Qa5 10. Nb5 Rd8 11. a3 Nc2 12. Rc1 a6 13. Bd2 Qb6 14. dxc5 Bxc5 15.
b4 N6xb4 16. axb4 Bxb4 17. Rxc2 Bxc2 18. Qxc2 Bxd2 19. c5 Qc6 20. Nbd4 Qd5 21.
Qxd2 e5 22. Qe3 O-O 23. Nf5 Qe6 24. Bd3 Rxd3 25. Qxd3 e4 26. N3d4 exd3 27. Nxe6
fxe6 28. Nd6 Rf4 29. Rd1 Rb4 30. Kf1 Rb3 31. Ke1 Kf8 32. Kd2 a5 33. Nc4 Rb5 34.
Kxd3 Rxc5 35. Ra1 Rg5 36. g3 Rh5 37. h4 b5 38. Nxa5 g5 39. hxg5 Rxg5 40. Rb1
Rf5 41. Ke3 Re5+ 42. Kf3 Rf5+ 43. Kg2 Ke7 44. Nc6+ Kf6 45. Nd4 Rd5 46. Nxb5 h5
47. Nc3 Rd4 48. Rh1 Kg5 49. Ne2 Rg4 50. Nf4 e5 51. Rxh5+ Kf6 52. Nd5+ 1-0

[Event "Kasseler Schachtage Gruppe A"]
[Site "Vellmar"]
[Date "2009.08.01"]
[Round "4.4"]
[White "Cherny, Andrey"]
[Black "Konczak, Carsten"]
[Result "1-0"]
[WhiteElo "2204"]
[BlackElo "2045"]
[PlyCount "49"]
[EventDate "2009.??.??"]
[EventCountry "GER"]
[WhiteTeam "SK Baunatal 1963"]
[BlackTeam "SV Bückeburg"]

1. Nf3 f5 2. e4 d6 3. e5 d5 4. d4 e6 5. Bd3 c5 6. c3 Nc6 7. a3 a5 8. O-O Bd7 9.
b3 Be7 10. g3 h5 11. h4 Nh6 12. Re1 Nf7 13. Ra2 cxd4 14. cxd4 g5 15. Bxf5 gxh4
16. Bg6 hxg3 17. fxg3 Kf8 18. Rf2 Be8 19. Ref1 Kg7 20. Bxf7 Bxf7 21. Ng5 Bg8
22. Rf7+ Bxf7 23. Rxf7+ Kg8 24. Qd3 Rh6 25. Nxe6 1-0

[Event "Kasseler Schachtage Gruppe A"]
[Site "Vellmar"]
[Date "2009.08.01"]
[Round "4.5"]
[White "Just, Wolfgang"]
[Black "Schnegelsberg, Karl-Heinz"]
[Result "1-0"]
[WhiteElo "2173"]
[BlackElo "2011"]
[PlyCount "65"]
[EventDate "2009.??.??"]
[EventCountry "GER"]
[WhiteTeam "SV Lok Leipzig-Mitte"]
[BlackTeam "SV CAISSA e. V. Kassel"]

1. e4 e6 2. d4 d5 3. Nc3 Bb4 4. e5 c5 5. a3 Bxc3+ 6. bxc3 Qa5 7. Bd2 Qa4 8. Qg4
Ne7 9. Qxg7 Rg8 10. Qxh7 cxd4 11. Ne2 Nbc6 12. f4 Bd7 13. Qd3 Nf5 14. h3 f6 15.
exf6 e5 16. cxd4 e4 17. Qb3 Qxb3 18. cxb3 Ncxd4 19. Nxd4 Nxd4 20. Rc1 Nxb3 21.
Rc7 Nxd2 22. Kxd2 Kd8 23. Rxb7 Bc6 24. Rg7 Rxg7 25. fxg7 Ke7 26. Be2 Rg8 27.
Ke3 Rxg7 28. g4 Kd6 29. h4 Rb7 30. h5 Rb3+ 31. Kd4 Bd7 32. h6 Bxg4 33. h7 1-0

[Event "Kasseler Schachtage Gruppe A"]
[Site "Vellmar"]
[Date "2009.08.01"]
[Round "4.6"]
[White "Müller, Joachim"]
[Black "Klüting, Reiner"]
[Result "1/2-1/2"]
[WhiteElo "2058"]
[BlackElo "2082"]
[PlyCount "32"]
[EventDate "2009.??.??"]
[EventCountry "GER"]
[WhiteTeam "Mündener SC von 1925"]
[BlackTeam "Schachverein Wattenscheid 1930"]

1. d4 Nf6 2. c4 e5 3. dxe5 Ne4 4. a3 Nc6 5. Nf3 d6 6. exd6 Bxd6 7. e3 Qe7 8.
Be2 Bf5 9. O-O O-O-O 10. Qb3 g5 11. Nc3 Nxc3 12. Qxc3 h5 13. b4 g4 14. c5 gxf3
15. cxd6 Qxd6 16. Bxf3 Ne5 1/2-1/2

[Event "Kasseler Schachtage Gruppe A"]
[Site "Vellmar"]
[Date "2009.08.01"]
[Round "4.7"]
[White "Werner, Alexander"]
[Black "Adomeit, Dmitri"]
[Result "1/2-1/2"]
[WhiteElo "2080"]
[BlackElo "1706"]
[PlyCount "35"]
[EventDate "2009.??.??"]
[EventCountry "GER"]
[WhiteTeam "SC 1947 Immenhausen"]
[BlackTeam "Schachclub Schalksmühle-Hülschei"]

1. e4 e6 2. d4 d5 3. e5 c5 4. c3 Nc6 5. Nf3 cxd4 6. cxd4 a6 7. Nc3 f6 8. Bd3
Be7 9. O-O fxe5 10. Nxe5 Nf6 11. Be3 O-O 12. f4 Bd7 13. Rf3 Be8 14. Rh3 Rc8 15.
g4 g6 16. Kh1 Qb6 17. Na4 Qa5 18. Be2 1/2-1/2

[Event "Kasseler Schachtage Gruppe A"]
[Site "Vellmar"]
[Date "2009.08.01"]
[Round "4.8"]
[White "Austein, Hartmut"]
[Black "Hagedorn, Alfons"]
[Result "0-1"]
[WhiteElo "1895"]
[BlackElo "1953"]
[PlyCount "123"]
[EventDate "2009.??.??"]
[EventCountry "GER"]
[WhiteTeam "Ahnataler SC 1969 e.V. (ASC69)"]
[BlackTeam "LSV Turm Lippstadt"]

1. d4 d5 2. Nc3 Bf5 3. f3 e6 4. e4 dxe4 5. fxe4 Bg6 6. Nf3 Bb4 7. Bd3 Nc6 8.
Be3 h6 9. O-O Bxc3 10. bxc3 Nf6 11. e5 Bxd3 12. Qxd3 Nd5 13. Bd2 Qd7 14. Rab1
b6 15. Kh1 Rd8 16. Nh4 g5 17. Nf3 Nde7 18. Rf2 Ng6 19. Rbf1 Ngxe5 20. Nxe5 Nxe5
21. dxe5 Qxd3 22. cxd3 Rxd3 23. Bc1 Rh7 24. Rd2 Rxc3 25. Bb2 Rc4 26. Rfd1 Kf8
27. h3 Kg7 28. Rc1 Rxc1+ 29. Bxc1 Rh8 30. Rd7 Rc8 31. Ba3 a5 32. Kg1 Kg6 33.
Kf2 b5 34. Ke3 c5 35. Ra7 a4 36. Bb2 Rd8 37. Ke2 c4 38. Rb7 Rd5 39. Rb6 h5 40.
a3 Kf5 41. Rb7 Kg6 42. g4 h4 43. Rb8 Kg7 44. Bc1 Rxe5+ 45. Kf3 Rd5 46. Bb2+ f6
47. Rb6 Rd3+ 48. Ke4 Rb3 49. Bd4 e5 50. Bc5 Rxh3 51. Rb7+ Kg8 52. Kf5 Rd3 53.
Kg6 Rd8 54. Rg7+ Kh8 55. Be7 Rg8 56. Bxf6 Rxg7+ 57. Bxg7+ Kg8 58. Bxe5 h3 59.
Kxg5 c3 60. Kh4 c2 61. Kxh3 c1=Q 62. Bd6 0-1

[Event "Kasseler Schachtage Gruppe A"]
[Site "Vellmar"]
[Date "2009.08.01"]
[Round "4.9"]
[White "Lüchtemeier, Peter"]
[Black "Schröder, Klaus"]
[Result "1-0"]
[WhiteElo "2279"]
[BlackElo "1966"]
[PlyCount "99"]
[EventDate "2009.??.??"]
[EventCountry "GER"]
[WhiteTeam "Kasseler SK 1876"]
[BlackTeam "Karlsruher SF 1853"]

1. d4 e6 2. c4 b6 3. Nf3 Bb7 4. a3 Nf6 5. Nc3 Be7 6. g3 O-O 7. Bg2 d5 8. cxd5
exd5 9. O-O c5 10. Bf4 Bd6 11. Bxd6 Qxd6 12. dxc5 bxc5 13. e3 Rd8 14. Qc2 Na6
15. Rfd1 Qe7 16. Rac1 Rac8 17. Qa4 Qe8 18. Qxe8+ Rxe8 19. Nb5 Red8 20. Nxa7 Ra8
21. Nb5 c4 22. Ne5 Nc5 23. Nd4 Re8 24. f4 Nfe4 25. Nb5 f6 26. Bxe4 Nxe4 27. Nf3
Ra5 28. Nfd4 Re7 29. Kf1 Nc5 30. b4 Rxb5 31. Nxb5 Nd3 32. Rxd3 cxd3 33. Nd6 d2
34. Rd1 d4 35. Nxb7 dxe3 36. Ke2 Rxb7 37. Kxe3 Ra7 38. Kxd2 Rxa3 39. Rh1 Ra2+
40. Kd3 Ra8 41. b5 Kf7 42. Kc4 Ke6 43. Kc5 Kd7 44. Kb6 Ra2 45. Rc1 Rxh2 46.
Rc7+ Kd8 47. Rxg7 Rg2 48. Rxh7 Rxg3 49. Rf7 Ke8 50. Rxf6 1-0

[Event "Kasseler Schachtage Gruppe A"]
[Site "Vellmar"]
[Date "2009.08.01"]
[Round "4.10"]
[White "Shkolnyk, Boris"]
[Black "Kartsev, Alexandr"]
[Result "0-1"]
[WhiteElo "1886"]
[BlackElo "2067"]
[PlyCount "68"]
[EventDate "2009.??.??"]
[EventCountry "GER"]
[WhiteTeam "Sfr. Korbach"]
[BlackTeam "Schachfreunde Brackel 1930 e.V."]

1. d4 d5 2. Nf3 Nf6 3. Bf4 e6 4. e3 c5 5. c3 Nh5 6. Bxb8 Rxb8 7. Bb5+ Ke7 8.
Ne5 g6 9. Be2 Nf6 10. Nd2 Qd6 11. Ndf3 Nd7 12. O-O Bg7 13. Nxd7 Bxd7 14. Re1
Rhc8 15. Bd3 b5 16. e4 dxe4 17. Bxe4 b4 18. Rc1 bxc3 19. bxc3 Rb2 20. Rc2 Ba4
21. Qc1 Rxc2 22. Bxc2 Bxc2 23. Qxc2 cxd4 24. c4 Qb4 25. Nd2 d3 26. Qxd3 Rd8 27.
Qb3 Qxd2 28. Qa3+ Ke8 29. Rf1 Bd4 30. g3 Qb2 31. Qa4+ Kf8 32. Qa5 Bb6 33. Qg5
Rc8 34. h4 Rxc4 0-1

[Event "Kasseler Schachtage Gruppe A"]
[Site "Vellmar"]
[Date "2009.08.01"]
[Round "4.11"]
[White "Powalla, Klaus"]
[Black "Röhle, Timo"]
[Result "*"]
[WhiteElo "1885"]
[BlackElo "1983"]
[PlyCount "99"]
[EventDate "2009.??.??"]
[EventCountry "GER"]
[WhiteTeam "SV CAISSA e. V. Kassel"]
[BlackTeam "Schachclub Schalksmühle-Hülschei"]

1. e4 c5 2. b3 Nc6 3. Bb2 d6 4. f4 e5 5. Qf3 Nf6 6. h3 a6 7. Bc4 b5 8. Bd3 Bb7
9. Nc3 Nd4 10. Qd1 exf4 11. Nce2 Nxe4 12. Bxd4 cxd4 13. Nf3 Be7 14. O-O g5 15.
Nexd4 Qb6 16. Kh2 h5 17. Bxe4 Bxe4 18. Qe2 Bg6 19. Rae1 Ra7 20. c3 O-O 21. Kh1
Bf6 22. Qf2 Bd3 23. Rg1 Qb7 24. g3 Bxd4 25. Qxd4 Qxf3+ 26. Kh2 Raa8 27. gxf4
Bg6 28. Rxg5 Rae8 29. Re3 Rxe3 30. dxe3 Re8 31. Rg3 Qf2+ 32. Rg2 Qxe3 33. Qxe3
Rxe3 34. f5 Kg7 35. fxg6 fxg6 36. Rc2 d5 37. a4 bxa4 38. bxa4 Re4 39. Rd2 Re5
40. Rd4 Kf6 41. a5 Ke6 42. Rb4 Kf5 43. Kg2 g5 44. Rd4 Ke6 45. Rb4 Re2+ 46. Kf3
Rh2 47. Rb6+ Ke5 48. Kg3 Rc2 49. Rc6 Ke4 50. Re6+ *

[Event "Kasseler Schachtage Gruppe A"]
[Site "Vellmar"]
[Date "2009.08.01"]
[Round "4.12"]
[White "Heinelt, Manfred"]
[Black "Calci, Fiorino"]
[Result "*"]
[WhiteElo "2233"]
[BlackElo "1884"]
[PlyCount "116"]
[EventDate "2009.??.??"]
[EventCountry "GER"]
[WhiteTeam "Ahnataler SC 1969 e.V. (ASC69)"]
[BlackTeam "SK 1950 Vellmar"]

1. e4 d5 2. exd5 Nf6 3. d4 Nxd5 4. c4 Nb6 5. Nc3 e5 6. dxe5 Qxd1+ 7. Kxd1 Nc6
8. Nb5 Bg4+ 9. Nf3 O-O-O+ 10. Ke1 Bb4+ 11. Nc3 Bxf3 12. gxf3 Nd4 13. Bh3+ Kb8
14. Kf1 Nxf3 15. Bf4 g5 16. Bg2 Nd2+ 17. Bxd2 Rxd2 18. Rb1 Nxc4 19. Ne4 Rd4 20.
Ke2 Rhd8 21. e6 fxe6 22. Rhd1 h6 23. Rxd4 Rxd4 24. Rd1 Rxd1 25. Kxd1 Be7 26.
Kc2 c6 27. Kc3 Nb6 28. Bh3 e5 29. Bg4 Kc7 30. Ng3 Bc5 31. Nf5 Bxf2 32. Nxh6
Bd4+ 33. Kc2 Nd5 34. Nf5 Ne3+ 35. Nxe3 Bxe3 36. Kd3 Bf4 37. h3 Kd6 38. a4 Kc5
39. Be6 b6 40. Bd7 Bc1 41. b3 Bf4 42. Bf5 Kb4 43. Be4 Kxb3 44. Bxc6 Kb4 45. Bb5
Bg3 46. Bc6 a6 47. Bd7 b5 48. axb5 axb5 49. Bc6 Kc5 50. Bf3 b4 51. Bd1 Kd6 52.
Bb3 Be1 53. Ke4 Bc3 54. Kf5 Kc5 55. Ke4 Bd4 56. Kf5 Kd6 57. Ke4 Ke7 58. Kf5 Kf8
*

[Event "Kasseler Schachtage Gruppe A"]
[Site "Vellmar"]
[Date "2009.08.01"]
[Round "4.13"]
[White "Fichte, Wolfgang"]
[Black "Schein, Henning"]
[Result "1/2-1/2"]
[WhiteElo "2035"]
[BlackElo "1787"]
[PlyCount "48"]
[EventDate "2009.??.??"]
[EventCountry "GER"]
[WhiteTeam "SK 1950 Vellmar"]
[BlackTeam "SC 1947 Immenhausen"]

1. Nf3 Nf6 2. e3 g6 3. b4 Bg7 4. Bb2 O-O 5. Be2 b6 6. O-O Bb7 7. d4 d6 8. c4
Nbd7 9. Nbd2 c5 10. b5 d5 11. a4 e6 12. Ne5 Qc7 13. f4 Ne4 14. Nxe4 dxe4 15. a5
Rad8 16. Qc2 f6 17. Ng4 f5 18. Ne5 Nxe5 19. dxe5 Rf7 20. axb6 axb6 21. Rfd1
Rfd7 22. Rxd7 Rxd7 23. Rd1 Qd8 24. Rxd7 Qxd7 1/2-1/2

[Event "Kasseler Schachtage Gruppe A"]
[Site "Vellmar"]
[Date "2009.08.01"]
[Round "4.14"]
[White "Ruff, Maximilian"]
[Black "Sivaji, Siva"]
[Result "1/2-1/2"]
[WhiteElo "1986"]
[BlackElo "1812"]
[PlyCount "77"]
[EventDate "2009.??.??"]
[EventCountry "GER"]
[WhiteTeam "SC Brandeck-Turm Ohlsbach e.V."]
[BlackTeam "SK Luzern"]

1. e4 c5 2. c3 d6 3. d4 cxd4 4. cxd4 Nf6 5. Nc3 g6 6. Nf3 Bg7 7. Be2 O-O 8. O-O
Nc6 9. h3 a6 10. Be3 b5 11. a3 Bb7 12. Nd2 Nd7 13. Nb3 Na5 14. Nxa5 Qxa5 15.
Qd2 Rfc8 16. Bh6 Bh8 17. Bg4 Qd8 18. e5 dxe5 19. dxe5 e6 20. f4 Qb6+ 21. Kh1
Rd8 22. Bg5 f6 23. exf6 Nxf6 24. Qe2 Rd6 25. Bxf6 Bxf6 26. Ne4 Bxe4 27. Qxe4
Rad8 28. Rad1 Kf7 29. b4 Rxd1 30. Rxd1 Rxd1+ 31. Bxd1 Bb2 32. Bf3 Bxa3 33. Qb7+
Qxb7 34. Bxb7 Bxb4 35. Bxa6 Bd6 36. Bxb5 Bxf4 37. Kg1 Kf6 38. Kf2 g5 39. Kf3
1/2-1/2

[Event "Kasseler Schachtage Gruppe A"]
[Site "Vellmar"]
[Date "2009.08.01"]
[Round "4.15"]
[White "Stährfeldt, Philipp"]
[Black "Hagedorn, Florian"]
[Result "1/2-1/2"]
[WhiteElo "1932"]
[BlackElo "1703"]
[PlyCount "39"]
[EventDate "2009.??.??"]
[EventCountry "GER"]
[WhiteTeam "Kasseler SK 1876"]
[BlackTeam "LSV Turm Lippstadt"]

1. f4 c5 2. Nf3 e6 3. b3 Nf6 4. e3 d5 5. Bb2 Be7 6. Bb5+ Bd7 7. Bxd7+ Nbxd7 8.
O-O O-O 9. Ne5 Rc8 10. d3 Nb6 11. Nd2 Qc7 12. g4 Rfd8 13. g5 Nfd7 14. Qh5 Nxe5
15. Bxe5 Bd6 16. Nf3 Nd7 17. Bb2 c4 18. dxc4 dxc4 19. Bd4 Bc5 20. Qh3 1/2-1/2

[Event "Kasseler Schachtage Gruppe A"]
[Site "Vellmar"]
[Date "2009.08.01"]
[Round "4.16"]
[White "Wiese, Uwe"]
[Black "Jäger, Frank"]
[Result "1/2-1/2"]
[WhiteElo "1837"]
[BlackElo "1902"]
[PlyCount "121"]
[EventDate "2009.??.??"]
[EventCountry "GER"]
[WhiteTeam "SK Goslar"]
[BlackTeam "SC Grauer Turm Fritzlar"]

1. Nf3 Nf6 2. d4 e6 3. c4 b6 4. Nc3 Bb7 5. e3 Be7 6. Be2 O-O 7. O-O d5 8. b3
Nbd7 9. Qc2 Rc8 10. Bb2 c5 11. cxd5 exd5 12. dxc5 Nxc5 13. Rac1 Nce4 14. Qb1
Bb4 15. Nxe4 Nxe4 16. Rxc8 Qxc8 17. Rc1 Qb8 18. Bd3 h6 19. Be5 Bd6 20. Bxd6
Qxd6 21. Qb2 Re8 22. Qd4 Re7 23. Nh4 g6 24. Nf3 Rc7 25. Rxc7 Qxc7 26. Qb2 Qe7
27. h3 Qc7 28. Nd4 Qe5 29. Qc2 Kg7 30. Bxe4 dxe4 31. Qc4 a6 32. a4 Qc5 33. Kf1
Qxc4+ 34. bxc4 Kf6 35. Ke2 Ke5 36. Kd2 Kd6 37. Kc3 Bc8 38. Kb4 Bd7 39. a5 bxa5+
40. Kxa5 Kc5 41. Kxa6 Kxc4 42. Kb6 f5 43. Kc7 Ba4 44. Ne6 Kd5 45. Nf4+ Kc4 46.
Nxg6 Kd3 47. Nh4 Ke2 48. Nxf5 Kxf2 49. g4 Kf3 50. Kd6 Be8 51. Ke5 h5 52. g5 Bf7
53. g6 Bxg6 54. Nh4+ Kxe3 55. Nxg6 Kf3 56. Kf5 e3 57. Nf4 h4 58. Kg5 Kg3 59.
Kf5 e2 60. Nxe2+ Kxh3 61. Kg5 1/2-1/2

[Event "Kasseler Schachtage Gruppe A"]
[Site "Vellmar"]
[Date "2009.08.01"]
[Round "4.17"]
[White "Fankhaenel, Torsten"]
[Black "Braun, Ingram"]
[Result "1/2-1/2"]
[WhiteElo "1953"]
[BlackElo "1972"]
[PlyCount "71"]
[EventDate "2009.??.??"]
[EventCountry "GER"]
[WhiteTeam "SV Anderssen Arolsen"]
[BlackTeam "ESV Rot-Weiß Göttingen"]

1. d4 d5 2. Nf3 Nf6 3. e3 Bf5 4. Bd3 Bxd3 5. Qxd3 c6 6. O-O Nbd7 7. Nbd2 e6 8.
e4 dxe4 9. Nxe4 Nxe4 10. Qxe4 Be7 11. Ne5 Nxe5 12. dxe5 Qd5 13. Qxd5 cxd5 14.
Be3 Kd7 15. Rfd1 Rhc8 16. Rac1 b5 17. c3 Rc7 18. Kf1 a6 19. Ke2 Rac8 20. a3 Rc4
21. Rd4 f6 22. f4 fxe5 23. fxe5 Bc5 24. Rxc4 bxc4 25. Rf1 Bxe3 26. Kxe3 Ke7 27.
Kd4 a5 28. Rf2 a4 29. g4 h5 30. g5 g6 31. h4 Rb8 32. Kc5 Rb7 33. Kc6 Rb8 34.
Kc5 Rb7 35. Kc6 Rb8 36. Kc5 1/2-1/2

[Event "Kasseler Schachtage Gruppe A"]
[Site "Vellmar"]
[Date "2009.08.01"]
[Round "4.18"]
[White "Jaeschke, Felix"]
[Black "Süß, Stefan"]
[Result "1/2-1/2"]
[WhiteElo "1809"]
[BlackElo "1674"]
[PlyCount "86"]
[EventDate "2009.??.??"]
[EventCountry "GER"]
[WhiteTeam "SK 1947 Sandhausen e.V."]
[BlackTeam "Mosbacher SC von 1931"]

1. e4 d5 2. exd5 Qxd5 3. Nc3 Qa5 4. d4 Bf5 5. Nf3 c6 6. Bc4 e6 7. O-O Nf6 8.
Bf4 Nbd7 9. a3 Bg4 10. h3 Bh5 11. Re1 Qf5 12. Bg3 Bxf3 13. Qxf3 Qxf3 14. gxf3
Nb6 15. Bb3 O-O-O 16. Rad1 Be7 17. Ne4 h6 18. c3 Rhe8 19. Kh2 Rg8 20. Re2 Ne8
21. a4 Nc7 22. Be5 Nbd5 23. Rg1 Ne8 24. Nd2 Bd6 25. Nc4 Bxe5+ 26. Nxe5 Rf8 27.
Kg3 Ndc7 28. f4 Rd6 29. f5 exf5 30. Bxf7 Rf6 31. Bb3 Nd6 32. f3 g5 33. Bc2 Nd5
34. Rf2 f4+ 35. Kh2 Ne3 36. Ng4 Re6 37. Nxe3 Rxe3 38. h4 Rh8 39. Kh3 Nc4 40.
hxg5 hxg5+ 41. Kg4 Re7 42. Kxg5 Rg7+ 43. Bg6 Rhg8 1/2-1/2

[Event "Kasseler Schachtage Gruppe A"]
[Site "Vellmar"]
[Date "2009.08.01"]
[Round "5.1"]
[White "Markgraf, Alexander"]
[Black "Jaeschke, Benno"]
[Result "1/2-1/2"]
[WhiteElo "2463"]
[BlackElo "2202"]
[PlyCount "89"]
[EventDate "2009.??.??"]
[EventCountry "GER"]
[WhiteTeam "SC Tempo Göttingen"]
[BlackTeam "SK 1947 Sandhausen e.V."]

1. e4 e5 2. Nf3 Nc6 3. Bc4 Bc5 4. d3 Nf6 5. Bb3 d6 6. c3 O-O 7. Bg5 h6 8. Bh4
Be6 9. Nbd2 a6 10. Qe2 b5 11. Nf1 g5 12. Bg3 Bxb3 13. axb3 Nh5 14. Ne3 Bxe3 15.
fxe3 Ng7 16. O-O Qe7 17. h3 f5 18. exf5 Nxf5 19. Bf2 e4 20. Nd4 exd3 21. Qxd3
Qd7 22. Nxc6 Qxc6 23. e4 Ne7 24. h4 gxh4 25. Qh3 Ng6 26. Qg4 Kh7 27. Be3 Rae8
28. Qh5 Qxe4 29. Qxh6+ Kg8 30. Bd4 Ne5 31. b4 Qh7 32. Rxf8+ Rxf8 33. Qxh7+ Kxh7
34. Bxe5 dxe5 35. Rxa6 Rg8 36. Kf2 Rg6 37. Ra7 Rg7 38. Rb7 c6 39. Rb8 Re7 40.
Ke3 Rg7 41. Kf3 Re7 42. Rc8 Re6 43. Ke3 e4 44. Rf8 Kg6 45. Rg8+ 1/2-1/2

[Event "Kasseler Schachtage Gruppe A"]
[Site "Vellmar"]
[Date "2009.08.01"]
[Round "5.2"]
[White "Faynberg, Roman"]
[Black "Haucke, Alexander"]
[Result "0-1"]
[WhiteElo "2026"]
[BlackElo "2210"]
[PlyCount "102"]
[EventDate "2009.??.??"]
[EventCountry "GER"]
[WhiteTeam "SC Fuldatal"]
[BlackTeam "Delmenhorster SK V 1931"]

1. Nf3 Nf6 2. c4 g6 3. Nc3 Bg7 4. d4 O-O 5. e4 d6 6. Be2 e5 7. dxe5 dxe5 8.
Qxd8 Rxd8 9. Bg5 Re8 10. h3 c6 11. O-O Na6 12. Be3 Bf8 13. a3 Nc5 14. Nd2 Ne6
15. Rfd1 Nd4 16. Bd3 Nd7 17. b4 a5 18. c5 b6 19. Bxd4 exd4 20. Na4 axb4 21.
axb4 bxc5 22. bxc5 Bxc5 23. Nb3 Bf8 24. Nxd4 Bg7 25. Nxc6 Bxa1 26. Rxa1 Nc5 27.
Bb5 Nxa4 28. Rxa4 Rxa4 29. Bxa4 Rxe4 30. Bc2 Re1+ 31. Kh2 Bb7 32. Nd4 f5 33.
Bb3+ Kg7 34. Nf3 Rf1 35. Kg3 Kf6 36. Bc4 Rc1 37. Bb5 g5 38. Kh2 Rc2 39. Kg1 h6
40. Nd4 Rb2 41. Be8 Ke5 42. Nf3+ Kf6 43. Nd4 Rd2 44. Bc6 Bc8 45. Nb3 Rc2 46.
Bf3 Ke5 47. Bh5 Be6 48. Na5 Bd5 49. Bf3 Bxf3 50. gxf3 Kd5 51. Kg2 Rb2 0-1

[Event "Kasseler Schachtage Gruppe A"]
[Site "Vellmar"]
[Date "2009.08.01"]
[Round "5.3"]
[White "Löwe, Lennard"]
[Black "Cherny, Andrey"]
[Result "0-1"]
[WhiteElo "2018"]
[BlackElo "2204"]
[PlyCount "77"]
[EventDate "2009.??.??"]
[EventCountry "GER"]
[WhiteTeam "HSK-Post Hannover"]
[BlackTeam "SK Baunatal 1963"]

1. e4 c5 2. Nf3 d6 3. d4 cxd4 4. Nxd4 Nf6 5. Nc3 a6 6. h3 e5 7. Nde2 Be6 8. g4
h6 9. Bg2 b5 10. Ng3 Nbd7 11. O-O Qc7 12. Be3 Nb6 13. Nf5 g6 14. Bxb6 Qxb6 15.
Ne3 Bg7 16. Qd2 O-O 17. Rad1 Rfd8 18. Kh1 Rac8 19. a3 Qc5 20. f3 Kh7 21. Rf2
Nd7 22. Ncd5 Bf6 23. Nxf6+ Nxf6 24. Qe1 Rd7 25. Rfd2 Rcd8 26. Qe2 Kg7 27. Kh2
Bc4 28. Qe1 a5 29. Qf2 Be6 30. Qe2 b4 31. axb4 Qxb4 32. b3 Rc7 33. Bf1 Rc3 34.
Rd3 Rc6 35. Qg2 Kh7 36. Qf2 Qb6 37. Kg2 Qc7 38. Be2 Bc8 39. Ra1 {ZÜ} 0-1

[Event "Kasseler Schachtage Gruppe A"]
[Site "Vellmar"]
[Date "2009.08.01"]
[Round "5.4"]
[White "Hagedorn, Alfons"]
[Black "Just, Wolfgang"]
[Result "0-1"]
[WhiteElo "1953"]
[BlackElo "2173"]
[PlyCount "53"]
[EventDate "2009.??.??"]
[EventCountry "GER"]
[WhiteTeam "LSV Turm Lippstadt"]
[BlackTeam "SV Lok Leipzig-Mitte"]

1. e4 e6 2. d4 d5 3. Nc3 Bb4 4. e5 c5 5. a3 Ba5 6. Be3 Nc6 7. Bb5 Nge7 8. Nge2
O-O 9. O-O cxd4 10. Bxd4 Nxd4 11. Nxd4 Bxc3 12. bxc3 Qc7 13. Re1 Qxc3 14. Re3
Qc5 15. Bd3 f5 16. exf6 Rxf6 17. Qh5 Qxd4 18. Rd1 g6 19. Qe2 Qb6 20. c4 Bd7 21.
Rb1 Qc7 22. Qb2 Rf7 23. cxd5 Nxd5 24. Rg3 Nf4 25. Be4 Bc6 26. Rc3 Qa5 27. Bxc6
0-1